01365nam a2200337Ia 4500001001200000003000800012006001900020007001500039008004100054020002600095040002100121035002100142050002300163082001600186245011900202260003600321300002600357504005100383533015200434650004500586650004800631650004400679650002000723650002300743655002900766700004200795700003000837710001700867856012600884999001701010ebr10378041CaPaEBRm u cr cn|||||||||090109s2009 bcca sb 001 0 eng d z9780774816113 (bound) aCaPaEBRcCaPaEBR a(OCoLC)60648462714aHM846b.S87 2009eb04a303.3/322200aSurveillanceh[electronic resource] :bpower, problems, and politics /cedited by Sean P. Hier and Josh Greenberg. aVancouver :bUBC Press,cc2009. axviii, 273 p. :bill. aIncludes bibliographical references and index. aElectronic reproduction.bPalo Alto, Calif. :cebrary,d2010.nAvailable via World Wide Web.nAccess may be limited to ebrary affiliated libraries. 0aElectronic surveillancexSocial aspects. 0aElectronic surveillancexPolitical aspects. 0aInformation technologyxSocial aspects. 0aSocial control. 0aPrivacy, Right of. 7aElectronic books.2local1 aHier, Sean P.q(Sean Patrick),d1971-1 aGreenberg, Joshua,d1973-2 aebrary, Inc.40uhttp://site.ebrary.com/lib/rucke/Doc?id=10378041zAn electronic book accessible through the World Wide Web; click to view c97679d97679